000 00739nam a22002657a 4500
001 0007569
003 KOHA_MİRAKIL
005 20260207001602.0
007 ta
008 090929b1995 tu |||gr||||#||||0|tur |
040 _aTR-BiSEU
_btur
_cTR-BiSEU
_erda
041 0 _atur
044 _ctu
050 _aHF5438.25
_b.Y35 1995
100 1 _aYalçın, F. Asuman.
245 1 _aSatış teknikleri/
_cF. Asuman Yalçın ; F. Asuman Yalçın.
264 1 _aEskişehir :
_bBilim Teknik
_c1995
300 _a81 sayfa: tablo
336 _ametin
_btxt
_2rdacontent
337 _aaracısız
_bn
_2rdamedia
338 _acilt
_bnc
_2rdacarrier
500 _aKaynakça var.
650 0 _aSatış ve satıcılık.
_97982
942 _2lcc
_cBK
999 _c7546
_d7546